000 00410nam a2200169Ia 4500
003 OSt
005 20240307121901.0
008 170619s9999 xx 000 0 und d
020 _a9780070437180
040 _cIIMT ENGINEERING COLLEGE
100 _aJONES DENNIS
245 0 _aHow to do everything with the internet
260 _bNew delhi; T M H
260 _c2001
546 _aENGLISH
942 _2ddc
_c01
999 _c17677
_d17677